Jordan and the Arab uprisings : (Record no. 27886)

MARC details
000 -LEADER
fixed length control field 01746cam a22003495i 4500
001 - CONTROL NUMBER
control field 20149849
003 - CONTROL NUMBER IDENTIFIER
control field EG-ScBUE
005 - DATE AND TIME OF LATEST TRANSACTION
control field 20191127110246.0
008 - FIXED-LENGTH DATA ELEMENTS--GENERAL INFORMATION
fixed length control field 171110t20182018nyu f b 001 0 eng d
020 ## - INTERNATIONAL STANDARD BOOK NUMBER
International Standard Book Number 9780231186278
035 ## - SYSTEM CONTROL NUMBER
System control number (DGU)ocm00000NEW
040 ## - CATALOGING SOURCE
Original cataloging agency DGU/DLC
Language of cataloging eng
Transcribing agency DGU
Description conventions rda
Modifying agency DLC
-- EG-ScBUE
043 ## - GEOGRAPHIC AREA CODE
Geographic area code a-jo---
082 04 - DEWEY DECIMAL CLASSIFICATION NUMBER
Classification number 320.95695
Item number RYA
Edition number 22
100 1# - MAIN ENTRY--PERSONAL NAME
Personal name Ryan, Curtis R.,
Relator term author.
245 10 - TITLE STATEMENT
Title Jordan and the Arab uprisings :
Remainder of title regime survival and politics beyond the state /
Statement of responsibility, etc Curtis R. Ryan.
264 #1 - PUBLICATION, DISTRIBUTION, ETC. (IMPRINT)
Place of publication, distribution, etc New York :
Name of publisher, distributor, etc Columbia University Press,
Date of publication, distribution, etc [2018]
264 #4 - PUBLICATION, DISTRIBUTION, ETC. (IMPRINT)
Date of publication, distribution, etc c2018
300 ## - PHYSICAL DESCRIPTION
Extent xiv, 282 pages ;
Dimensions 23 cm
336 ## - CONTENT TYPE
Content type term text
Content type code txt
Source rdacontent
337 ## - MEDIA TYPE
Media type term unmediated
Media type code n
Source rdamedia
338 ## - CARRIER TYPE
Carrier type term volume
Carrier type code nc
Source rdacarrier
490 0# - SERIES STATEMENT
Series statement Columbia studies in Middle East politics
504 ## - BIBLIOGRAPHY, ETC. NOTE
Bibliography, etc Includes bibliographical references and index.
505 0# - FORMATTED CONTENTS NOTE
Formatted contents note Continuity and change amidst the Arab uprisings -- The 'Arab Spring' in Jordan -- Political parties and the 'traditional' opposition -- The Hirak and changes in political activism -- Identity politics : real and imagined -- Struggles over elections and electoral systems -- Rebooting reform -- War, refugees, and regional insecurity -- Jordanian politics beyond the Arab uprisings.
520 ## - SUMMARY, ETC.
Summary, etc Drawing upon years of fieldwork and unique access to major political figures in Jordan, Curtis Ryan unravels the unusual case of Jordan during the Arab Spring, where the country managed to avoid political upheaval amidst both regional and internal unrest.
650 #7 - SUBJECT ADDED ENTRY--TOPICAL TERM
Topical term or geographic name as entry element Arab Spring, 2010-
Source of heading or term BUEsh
651 #7 - SUBJECT ADDED ENTRY--GEOGRAPHIC NAME
Geographic name Jordan
General subdivision Politics and government
Chronological subdivision 1999-
Source of heading or term BUEsh
653 ## - INDEX TERM--UNCONTROLLED
Resource For college MASTER - Political Science
-- BAEPS, Political Science
Arrived date list November2019
655 ## - INDEX TERM--GENRE/FORM
Form subdivision Reading book
942 ## - ADDED ENTRY ELEMENTS (KOHA)
Source of classification or shelving scheme Dewey Decimal Classification
Koha item type Book - Borrowing
Holdings
Withdrawn status Lost status Source of classification or shelving scheme Damaged status Not for loan Collection code Home library Current library Shelving location Date acquired Source of acquisition Cost, normal purchase price Total Checkouts Full call number Barcode Date last seen Cost, replacement price Price effective from Koha item type
    Dewey Decimal Classification     Baccah Central Library Central Library First floor 27/11/2019 Purchase 490.00   320.95695 RYA 000048438 15/07/2025 612.50 27/11/2019 Book - Borrowing